• 首页
  • 本馆介绍
  • 公告通知
  • 最新文献
  • 馆藏检索
  • 电子资源
  • 读者导购
  • 参考咨询
  • 我的图书馆
  • 登录
  • 详细信息显示
  • 放入我的书架
  • 预约/预借图书
  • 作者相关作品
  • 分类相关作品
  • 丛书相关作品
  • 出版社相关作品

书目信息

  • 表格格式
  • 工作单格式
  • 卡片格式
题名:
这样教, 孩子才肯学
    
 
作者: ;唐研 译 ;EBS《60分钟好家长》节目制作组 著
分册:  
出版信息: 北京   北京理工大学出版社  2014
页数: 261页
开本: 24cm
丛书名:
单 册:
中图分类: G791 , G78
科图分类:
主题词: 学习方法--Xue Xi Fang Fa--家庭教育
电子资源:
ISBN: 978-7-5640-9137-8
000 01120nam0 2200277 450
001 012001003546
005 20130126113623.0
010    @a978-7-5640-9137-8@dCNY32.00
099    @aCAL 012015030993
100    @a20150330d2014 em y0chiy50 ea
101 0  @achi@akor
102    @aCN@b110000
105    @aa z 000yy
106    @ar
200 1  @a这样教, 孩子才肯学@AZhe Yang Jiao , Hai Zi Cai Ken Xue@f(韩) EBS《60分钟好家长》节目制作组著@g唐研译
210    @a北京@c北京理工大学出版社@d2014
215    @a261页@c图@d24cm
330    @a本书重点介绍学习的关键--注意力, 以及最新的家教趋势--自我主导型学习方法。详细介绍了会影响注意力的环境因素, 帮助孩子自觉完成自我主导型学习方法, 以及各个科目的学习方法等内容, 内容翔实, 举例生动。本书精心挑选了EBS电视台《60分钟好家长》
333    @a本书可作为教育工作者及父母参考用书
606 0  @a学习方法@AXue Xi Fang Fa@x家庭教育
690    @aG791@v5
690    @aG78@v5
702  0 @a唐研@Atang yan@4译
711 02 @aEBS《60分钟好家长》节目制作组@AEbs《60 Fen Zhong Hao Jia Zhang》Jie Mu Zhi Zuo Zu@4著
801  2 @aCN@b江苏凤凰@c20191020
905    @b1218213-6@dG791@e1014@f4
    
    这样教, 孩子才肯学/(韩) EBS《60分钟好家长》节目制作组著/唐研译.-北京:北京理工大学出版社,2014
    261页:图;24cm
    使用对象:本书可作为教育工作者及父母参考用书
    
    ISBN 978-7-5640-9137-8:CNY32.00
    本书重点介绍学习的关键--注意力, 以及最新的家教趋势--自我主导型学习方法。详细介绍了会影响注意力的环境因素, 帮助孩子自觉完成自我主导型学习方法, 以及各个科目的学习方法等内容, 内容翔实, 举例生动。本书精心挑选了EBS电视台《60分钟好家长》
●
相关链接 在E读中查询图书 在五车中查询图书 在当当中查询图书 在豆瓣中查询图书


正题名:这样教, 孩子才肯学     索取号:G791/1014         预约/预借

序号 登录号 条形码 馆藏地/架位号 状态 备注
1 1218213   212182136   第一样本阅览室/ [索取号:G791/1014] 在馆    
2 1218214   212182145   教育系资料室/ [索取号:G791/1014] 在馆    
3 1218215   212182154   教育系资料室/ [索取号:G791/1014] 在馆    
4 1218216   212182163   第四借阅区/ [索取号:G791/1014] 在馆    
唐山师范学院图书馆 欢迎您!
大连网信软件有限公司© 版权所有